| 000 | 02011nam a2200289Ia 4500 | ||
|---|---|---|---|
| 999 |
_c55061 _d55061 |
||
| 001 | 22136 | ||
| 003 | GE_BSU | ||
| 005 | 20221117165106.0 | ||
| 008 | 181216s ||||ge |||||||||||||| ||geo|| | ||
| 020 | _a9789941218095 | ||
| 040 | _cGE_BSU | ||
| 041 | _ageo | ||
| 080 | _a005.72 ც-87 | ||
| 245 |
_aცოცხალი ორგანიზაციული სტრუქტურები : _bჟურნალ "სტრატეგია და ორგანიზაციის" საუკეთესო სტატიების კრებული / _cსაკონსულტაციო კომპანია სინერჯი ჯგუფი ; რედაქტორები იულონ ტოლიაშვილი, ხათუნა ნონიაშვილი ; ილუსტრაციები თამარ ცანავა ; ყდის დიზაინი რატი თორდია. |
||
| 264 |
_aთბილისი : _bპალიტრა L, _c2015. |
||
| 300 |
_a168 გვ. ; _bილ. ; _c 20 სმ. |
||
| 501 | _aწიგნს ახლავს სინერჯი ჯგუფის მინაწერი | ||
| 541 | _h8ლ.93თ. | ||
| 653 | _aმენეჯმენტი | ||
| 653 | _aორგანიზაციული სტრუქტურები | ||
| 653 | _aცოცხალი ორგანიზაციული სტრუქტურები | ||
| 653 | _aჟურნალ "სტრატეგია და ორგანიზაციის" საუკეთესო სტატიების კრებული | ||
| 700 |
_aტოლიაშვილი, იულონ _eრედაქტორი _96396 |
||
| 700 |
_aნონიაშვილი, ხათუნა _eრედაქტორი _915791 |
||
| 710 |
_aსაკონსულტაციო კომპანია სინერჯი ჯგუფი _915910 |
||
| 942 |
_cBK _2udc |
||